Peintres connus 1 - Statistiques

Statistiques générales
  • Ce quiz a été pris 27 fois
  • Le résultat moyen est 9 sur 16
Statistiques - réponses
Par images Réponse % Correct
Vincent van Gogh
100%
Salvador Dalí
95%
Claude Monet
91%
Frida Kahlo
82%
Andy Warhol
73%
Leonard de Vinci
73%
Rembrandt
68%
Pierre-Auguste Renoir
64%
Michel-Ange
55%
Raphael
55%
Paul Cézanne
41%
Gustav Klimt
36%
Henri Matisse
36%
Johannes Vermeer
27%
Wassily Kandinsky
27%
Edgar Degas
23%
Aucun quiz correspondant
Distribution des résultats
% des personnes avec chaque résultat
Percentile par nombre de réponses
Votre historique - résultats
Vous n’avez pas pris ce quiz